| 000 | 00501nam a22001817a 4500 | ||
|---|---|---|---|
| 005 | 20251108164357.0 | ||
| 008 | 250721s1993 xx 000 0 ara d | ||
| 082 | 1 | 4 | _a720/محر |
| 100 | 1 | _aمحرم، عادل ياسين | |
| 245 | 1 | 0 | _aالإيواء الصحراوي / |
| 264 | 1 |
_aالقاهره : _c1993. |
|
| 300 | _a328ص | ||
| 650 | 1 | 7 | _aالهندسة المعمارية |
| 650 | 1 | 7 | _aالمباني الصحراوية |
| 650 | 1 | 7 | _aالصحاري |
| 942 |
_2ddc _cBK |
||
| 999 |
_c10680 _d10680 |
||